| 000 | 01138nam0a22002891 4500 | ||
|---|---|---|---|
| 001 | v19\rc\1579784 | ||
| 005 | 20250618211236.0 | ||
| 035 | _a(NLR Aleph) 004706871 | ||
| 090 |
_a4145289 _c4145289 |
||
| 100 | _a20061002d1893 |||y0rusy50 ca | ||
| 101 | 0 | _arus | |
| 102 | _aRU | ||
| 105 | _aa j ||||| | ||
| 200 | 1 |
_aЛекции по описательной анатомии, читанные вольнослушательницам Саратовской Андреевской общины сестер милосердия в 1892/93 гг. _fБ.Е. Рашкович |
|
| 210 |
_aСаратов _cПопечительство Сарат. Андреев. общины сестер милосердия _d1893 |
||
| 215 |
_a[6], 124 с., 12 л. ил. _d26 |
||
| 320 | _aБиблиогр. в начале кн. | ||
| 700 | 1 |
_aРашкович _bБ.Е. _f1864- _gБорис Ефимович |
|
| 801 | 0 |
_aRU _bNLR _gpsbo |
|
| 801 | 0 |
_aRU _bRuMoRGB _2psbo |
|
| 801 | 1 |
_aRU _bProSoft-M _2rusmarc |
|
| 852 |
_aNLR _j18.184.6.22 |
||
| 899 |
_aRuMoRGB _jA 248/180 |
||
| 899 |
_aRuMoRGB _jU 271/50 |
||
| 899 | _aБАН | ||
| 942 | _cBOOK | ||
| 980 | _aNB | ||